山手線沿線駅外観クイズ1 - Statistics

General Stats
  • This quiz has been taken 129 times
  • The average score is 7 of 10
Answer Stats
Picture Answer % Correct
有楽町駅
86%
東京駅
86%
鶯谷駅
82%
神田駅
79%
秋葉原駅
79%
原宿駅
68%
駒込駅
55%
恵比寿駅
51%
西日暮里駅
47%
目黒駅
47%
No matching quizzes found
Score Distribution
Percent of People with Each Score
Percentile by Number Answered
Your Score History
You have not taken this quiz